5HLuxD.jpg

KING HENRY VIII SENIOR AND PRIMARY SCHOOL LIBRARY OPAC

Home, I'm darling / (Record no. 2986)

000 -LEADER
fixed length control field 01380aam a22004091i 4500
001 - CONTROL NUMBER
control field 019942965
003 - CONTROL NUMBER IDENTIFIER
control field Uk
005 - DATE AND TIME OF LATEST TRANSACTION
control field 20230914102431.0
006 - FIXED-LENGTH DATA ELEMENTS--ADDITIONAL MATERIAL CHARACTERISTICS
fixed length control field m || d |
007 - PHYSICAL DESCRIPTION FIXED FIELD--GENERAL INFORMATION
fixed length control field cr |||||||||||
008 - FIXED-LENGTH DATA ELEMENTS--GENERAL INFORMATION
fixed length control field 180510s2018 enk o 000 d eng d
015 ## - NATIONAL BIBLIOGRAPHY NUMBER
National bibliography number GBC0E6596
Source bnb
020 ## - INTERNATIONAL STANDARD BOOK NUMBER
International Standard Book Number 1786824108
020 ## - INTERNATIONAL STANDARD BOOK NUMBER
Canceled/invalid ISBN 9781786824097
Qualifying information (pbk.)
037 ## - SOURCE OF ACQUISITION
Stock number 9781786824103
Source of stock number/acquisition codeMantra
040 ## - CATALOGING SOURCE
Original cataloging agency NLE
Language of cataloging eng
Transcribing agency NLE
Modifying agency UKMGB
-- N$T
-- YDX
-- OCLCF
-- OCLCQ
-- UKAHL
-- RECBK
-- Uk
-- KH8
Description conventions rda
-- pn
042 ## - AUTHENTICATION CODE
Authentication code ukblsr
082 04 - DEWEY DECIMAL CLASSIFICATION NUMBER
Classification number 822.92 LAU
Edition number 23
100 1# - MAIN ENTRY--PERSONAL NAME
Personal name Wade, Laura,
Relator term author.
245 10 - TITLE STATEMENT
Title Home, I'm darling /
Statement of responsibility, etc. Laura Wade.
264 #1 - PRODUCTION, PUBLICATION, DISTRIBUTION, MANUFACTURE, AND COPYRIGHT NOTICE
Place of production, publication, distribution, manufacture London :
Name of producer, publisher, distributor, manufacturer Oberon Books,
Date of production, publication, distribution, manufacture, or copyright notice 2018.
300 ## - PHYSICAL DESCRIPTION
Extent 107 pages ;
Dimensions 13 cm x 21 cm.
336 ## - CONTENT TYPE
Content type term text
Source rdacontent
337 ## - MEDIA TYPE
Media type term computer
Source rdamedia
338 ## - CARRIER TYPE
Carrier type term online resource
Source rdacarrier
490 0# - SERIES STATEMENT
Series statement Oberon Modern Plays
650 #0 - SUBJECT ADDED ENTRY--TOPICAL TERM
Topical term or geographic name entry element Marriage
Form subdivision Drama.
650 #0 - SUBJECT ADDED ENTRY--TOPICAL TERM
Topical term or geographic name entry element Man-woman relationships
Form subdivision Drama.
650 #7 - SUBJECT ADDED ENTRY--TOPICAL TERM
Topical term or geographic name entry element DRAMA
General subdivision English, Irish, Scottish, Welsh.
Source of heading or term bisacsh
650 #7 - SUBJECT ADDED ENTRY--TOPICAL TERM
Topical term or geographic name entry element Man-woman relationships.
Source of heading or term fast
Authority record control number or standard number (OCoLC)fst01007080
650 #7 - SUBJECT ADDED ENTRY--TOPICAL TERM
Topical term or geographic name entry element Marriage.
Source of heading or term fast
Authority record control number or standard number (OCoLC)fst01010443
655 #4 - INDEX TERM--GENRE/FORM
Genre/form data or focus term Electronic books.
655 #7 - INDEX TERM--GENRE/FORM
Genre/form data or focus term Drama.
Source of term fast
Authority record control number or standard number (OCoLC)fst01423879
884 ## - DESCRIPTION CONVERSION INFORMATION
Conversion process LDL ebooks ONIX to marcxml transformation using Record_Load-eBooks_Legal_Deposit_onix2marc_v2-1.xsl
Conversion date 20200915
Identifier of source metadata 9781786824103
Conversion agency Uk
942 ## - ADDED ENTRY ELEMENTS (KOHA)
Source of classification or shelving scheme
Koha item type Teaching Resources
Holdings
Withdrawn status Lost status Source of classification or shelving scheme Damaged status Not for loan Collection code Permanent Location Current Location Shelving location Date acquired Full call number Barcode Date last seen Price effective from Koha item type
          Teaching Resources KH8 Senior School Library KH8 Senior School Library Staff Office 2023-09-14 822.92 LAU TRKHSL003150 2023-09-14 2023-09-14 Teaching Resources

Powered By KH8 IT Dept